[Event "29th Czech Open-Rapid 2018"]
[Site "Pardubice"]
[Date "2018.07.19"]
[Round "5"]
[White "Neuman, Petr"]
[Black "Tarun, V Kanth"]
[Result "1-0"]
[WhiteElo "2449"]
[BlackElo "1771"]
[Annotator "TA"]
[PlyCount "59"]
[EventDate "2018.07.18"]
[EventType "swiss"]
[EventCountry "CZE"]
[SourceTitle "playchess.com"]
[Source "ChessBase"]
[SourceQuality "1"]

{[%evp 21,59,25,38,49,82,81,132,139,122,142,142,142,187,189,163,176,217,220,214,202,208,144,375,355,368,266,266,268,468,436,749,712,761,479,476,470,464,402,29985,29986]} 1. e4 e6 2. d4 d5 3. Nd2 Nf6 4. e5 Nfd7 5. f4 c5 6. c3 Nc6 7. Ndf3 Qb6 8. g3 cxd4 9. cxd4 Be7 10. Kf2 {[%cal Be1f2,Bf2g2,Bg2h3,Bh3h2][%mdl 32]} O-O {C05: French Tarrasch: 3...Nf6 4 e5 Nfd7, 5 f4 and 5 Bd3 sidelines} 11. Kg2 f6 {LiveBook: 7 Games} 12. h4 fxe5 $146 {White is slightly better.} ({Predecessor:} 12... f5 13. Ne2 Qd8 14. Nc3 a6 15. Ng5 Nb6 16. Qh5 h6 17. Qg6 Bxg5 18. hxg5 {1-0 (69) Demchenko,A (2660)-Milla Ramirez,L (2163) Arica 2017}) 13. fxe5 Ndxe5 (13... Rf7 $142) 14. dxe5 $16 Nxe5 15. Nxe5 Qf2+ 16. Kh3 Qf5+ 17. Kh2 Qxe5 18. Nf3 Qd6 19. Bg2 e5 20. Bg5 {Threatens to win with Bxe7.} Bf6 21. Bxf6 Rxf6 $2 {[#]} (21... gxf6 $16 22. Ne1 Be6) 22. Ng5 $18 e4 23. Rf1 Bf5 24. Qb3 Kh8 $2 (24... Qe5 {might work better.} 25. Rad1 (25. Qxb7 Rb8 $16) 25... Rd8) 25. Rad1 Rd8 {[#]} (25... Bg6 $142 26. Rxd5 Qe7) 26. Bxe4 $1 {[%mdl 512]} Qe5 (26... dxe4 27. Rxd6) 27. Rxf5 Rxf5 28. Bxf5 Qxf5 29. Qd3 Qf2+ (29... Qxd3 $18 30. Rxd3 Kg8) 30. Kh3 {Precision: White = 84%, Black = 29%.} 1-0

[Event "29th Czech Open-Rapid 2018"]
[Site "Pardubice"]
[Date "2018.07.19"]
[Round "5"]
[White "Zpevak, Pavel"]
[Black "Mirzoeva, Elmira"]
[Result "1/2-1/2"]
[WhiteElo "2440"]
[BlackElo "2181"]
[Annotator "TA"]
[PlyCount "74"]
[EventDate "2018.07.18"]
[EventType "swiss"]
[EventCountry "CZE"]
[SourceTitle "playchess.com"]
[Source "ChessBase"]
[SourceQuality "1"]

{[%evp 17,74,10,23,23,25,21,24,-11,22,25,17,13,36,14,25,14,8,11,78,36,60,56,54,59,58,70,74,77,76,43,79,78,87,83,94,83,102,105,98,115,167,141,186,126,179,133,178,161,272,127,164,82,160,129,577,0,167,0,565]} 1. d4 Nf6 2. c4 e6 3. Nf3 b6 4. g3 Bb7 5. Bg2 c5 6. d5 exd5 7. Nh4 g6 8. Nc3 Bg7 9. Bg5 {E16: Queen's Indian: 4 g3 Bb7 5 Bg2 Bb4+} O-O {LiveBook: 5 Games} 10. Nxd5 (10. Qd2 Qe8 11. Bxf6 Bxf6 12. Nxd5 Bxd5 13. Bxd5 Nc6 14. Nf3 Rb8 15. Rc1 Nb4 16. b3 Nxd5 17. Qxd5 {½-½ (25) Gelfand,B (2739)-Gashimov,V (2761) Wijk aan Zee 2012}) 10... Bxd5 11. Bxd5 $146 {White has an edge.} ({Predecessor:} 11. cxd5 h6 12. Bd2 Re8 13. O-O d6 14. Bc3 Nbd7 15. Qc2 b5 16. Rfe1 Qb6 {0-1 (38) Laine,E (1992)-Starodubtsev,V (1991) ICCF email 2014}) 11... Nc6 12. O-O h6 13. Bxf6 Qxf6 14. Rb1 Rad8 15. Qa4 Rfe8 16. e3 g5 17. Ng2 a5 (17... Nb4 $11) 18. Rfd1 {[%cal Bf1d1,Bd1d2,Bd2d5][%mdl 32]} Ne5 19. Rd2 Nf3+ 20. Bxf3 $1 Qxf3 21. Rbd1 Re6 22. Qc2 (22. Rxd7 Rxd7 23. Rxd7 Bxb2 $11) 22... d6 23. Rd5 Be5 24. Ne1 Qg4 25. Kg2 Rb8 26. a4 Rd8 27. b3 Kg7 28. Nf3 Bf6 (28... Rde8 $16) 29. Qd3 Rd7 30. Ne1 (30. h3 $18 Qe4 31. Qxe4 (31. Rxd6 Rdxd6 32. Qxe4 Rxd1 $14) 31... Rxe4 32. Rxd6 Rxd6 33. Rxd6) 30... Rd8 (30... Re5 $16) 31. Nc2 Rd7 32. Na3 Be5 (32... Re5 $142 33. Nb5 Rxd5 34. Qxd5 h5) 33. Nb5 (33. h3 $18 Qh5 34. f4) 33... Qh5 34. Nc3 ({White should play} 34. h3 $18) 34... Qg4 (34... Rd8 $142) 35. Ne2 Rd8 $2 {[%mdl 8192]} (35... Rf6 $2 36. f4 $1 $18 {[%mdl 512]}) (35... Re8 $16 36. Nc3 Bxc3 37. Qxc3+ Kg8) 36. Nc3 $2 (36. h3 Qh5 37. f4) 36... Rd7 $1 $18 ({But not} 36... Rf6 $6 37. Qe4 $16 (37. Rxe5 $2 dxe5 38. Qc2 Rxd1 $19)) 37. Ne2 $2 (37. h3 Qh5 38. Nb5) 37... Rd8 $1 {[%mdl 32768] Precision: White = 37%, Black = 26%. . An unexpected result.} ({Don't blunder} 37... Rf6 $2 {[#]} 38. f4 $1 $18 {[%mdl 512]}) 1/2-1/2

[Event "29th Czech Open-Rapid 2018"]
[Site "Pardubice"]
[Date "2018.07.19"]
[Round "5"]
[White "Matviishen, Viktor"]
[Black "Stocek, Jiri"]
[Result "0-1"]
[WhiteElo "2425"]
[BlackElo "2528"]
[Annotator "TA"]
[PlyCount "118"]
[EventDate "2018.07.18"]
[EventType "swiss"]
[EventCountry "CZE"]
[SourceTitle "playchess.com"]
[Source "ChessBase"]
[SourceQuality "1"]

{[%evp 13,118,11,20,13,15,6,13,14,8,15,17,8,17,0,24,10,50,14,40,50,51,0,47,39,51,42,52,0,0,0,87,81,81,90,84,92,127,90,125,60,104,109,204,61,65,-64,36,-104,22,-120,-53,-48,0,-43,-44,-65,-7,-103,75,27,31,-458,-456,-583,-580,-570,-568,-564,-581,-581,-571,-633,-562,-743,-731,-718,-719,-989,-964,-815,-668,-1068,-1050,-1023,-434,-411,-361,-353,-326,-485,-485,-483,-473,-497,-483,-588,0,0,-137,-29974,-29975,-29972,-29975,-29975,-29976,-6422,-5317]} 1. d4 Nf6 2. c4 e6 3. Nf3 Bb4+ 4. Nbd2 O-O 5. g3 b6 6. Bg2 Bb7 7. O-O h6 {LiveBook: 5 Games. E16: Queen's Indian: 4 g3 Bb7 5 Bg2 Bb4+} (7... Re8 8. b3 a5 9. a3 Bxd2 10. Qxd2 d6 11. a4 Nbd7 12. Bb2 e5 13. d5 Nc5 14. Qc2 Bc8 15. Nd2 Bg4 {0-1 (66) Vitiugov,N (2724)-Najer,E (2707) Tbilisi 2017}) 8. Qc2 Bxd2 9. Bxd2 Be4 {The position is equal.} 10. Qa4 d6 11. Bc3 $146 ({Predecessor:} 11. Rfd1 Qe8 12. Qxe8 Rxe8 13. Rac1 Nc6 14. Bc3 Ne7 15. Bf1 {½-½ (40) Miciak,E (2356)-Minchev,V (2464) ICCF email 2009}) 11... Nbd7 12. Rfd1 a6 13. Qa3 Qc8 14. Bh3 b5 15. b3 Bf5 16. Bg2 Be4 17. Bh3 (17. Bf1 $14) 17... Re8 18. Nd2 Bb7 19. f3 c5 20. Qc1 (20. dxc5 $14 dxc5 21. Qa5) 20... Qc7 $11 21. e4 {[%cal Be2e4,Be4e5][%mdl 32]} d5 (21... b4 $11 {keeps the balance.} 22. Bb2 a5) 22. cxd5 $16 exd5 23. e5 Nh7 24. f4 Nhf8 25. Nf3 Rac8 26. f5 (26. Qd2 $16) 26... Qb6 27. Qf4 b4 (27... c4 $16 {was called for.}) 28. Bb2 (28. dxc5 $18 Qc7 29. Bxb4 (29. Qxb4 d4 $16)) 28... c4 $14 29. Rac1 (29. Re1 $14) 29... a5 (29... c3 $15 30. Ba1 Nf6 $1 {[%mdl 512]}) 30. Kh1 (30. Rc2 $14 {keeps the upper hand.}) 30... a4 ({Black should try} 30... c3 $17 31. Ba1 Nf6 $1 {[%mdl 512]}) 31. g4 (31. bxa4 $11 {remains equal.} c3 32. Ba1) 31... a3 ({Better is} 31... c3 $17 32. Ba1 axb3 33. axb3 Nh7) 32. Ba1 $15 Ba6 33. g5 {Strongly threatening e6!} cxb3 34. axb3 Be2 (34... hxg5 $15 35. Qd2 Rxc1 36. Rxc1 Nh7) 35. Re1 (35. Rxc8 $11 Rxc8 36. Rg1) 35... Qa6 $2 (35... Bxf3+ $1 $17 {keeps the pressure on.} 36. Qxf3 hxg5) 36. Rxc8 $16 Rxc8 {[#]} 37. gxh6 $2 {[%mdl 8192]} (37. e6 $1 $14 {[%mdl 512] stays ahead.} Qd3 (37... fxe6 38. gxh6) 38. Ng1 hxg5 39. Qxg5) 37... Qxh6 $19 38. Qg3 Bxf3+ 39. Qxf3 Rc1 40. Rxc1 Qxc1+ 41. Qf1 Qe3 42. Bg4 Qe4+ 43. Qg2 {If only White now had time for Qxe4....} Qb1+ 44. Qg1 Qxb3 45. e6 Nf6 46. e7 N8d7 47. Bh5 Qd3 48. Qe1 Qe4+ (48... b3 $142 49. e8=Q+ Nxe8 50. Qxe8+ Kh7) 49. Qxe4 dxe4 {[%mdl 4096] Endgame KBB-KNN} 50. Bd1 Nb6 {[#]} 51. Bb3 (51. d5 $142 $1 {[%mdl 512]} Nbxd5 52. Bxf6 Nxe7 53. Ba1) 51... Nc8 52. d5 {aiming for Bxf6.} Nxe7 53. d6 Nc6 54. Ba4 Kf8 $2 (54... Nd8 $19 {has better winning chances.} 55. Kg2 Nb7) 55. Bxc6 $17 {Black must now prevent Bd4.} b3 56. Ba4 $2 {[%mdl 8192]} (56. d7 $17 Nxd7 57. Bd4) 56... b2 57. Bxb2 axb2 58. Bc2 Ke8 59. Kg2 Kd7 {Precision: White = 26%, Black = 29%.} 0-1

[Event "29th Czech Open-Rapid 2018"]
[Site "Pardubice"]
[Date "2018.07.19"]
[Round "5"]
[White "Gutman, Gennadi"]
[Black "Deepan, Chakkravarthy J"]
[Result "0-1"]
[WhiteElo "2402"]
[BlackElo "2499"]
[Annotator "TA"]
[PlyCount "60"]
[EventDate "2018.07.18"]
[EventType "swiss"]
[EventCountry "CZE"]
[SourceTitle "playchess.com"]
[Source "ChessBase"]
[SourceQuality "1"]

{[%evp 19,60,37,35,8,42,39,36,6,39,39,41,24,28,24,35,25,33,27,31,27,45,13,31,15,36,0,28,-15,-16,-25,0,-31,-33,-38,-33,-119,-128,-122,-77,-417,-426,-390,-397]} 1. d4 Nf6 2. Nf3 e6 3. c4 Bb4+ 4. Bd2 a5 5. Qc2 O-O 6. Nc3 d6 7. a3 Bxc3 8. Bxc3 Nc6 9. e3 Qe7 10. Be2 {E33: Nimzoindisch (4.Dc2)} e5 {LiveBook: 26 Partien} 11. h3 (11. dxe5 dxe5 12. h3 Rd8 13. O-O e4 14. Nd4 Nxd4 15. Bxd4 c5 16. Bc3 a4 17. f4 Bd7 {1-0 (41) Wojtaszek,R (2736)-Nisipeanu,L (2683) Dortmund 2017 CBM 180 [Krasenkow,M]}) 11... a4 12. O-O {Weiß steht etwas besser.} Re8 13. Rfd1 $146 ({Vorgänger:} 13. Rfe1 h6 14. Rad1 b6 {½-½ (53) Dao,T (2495)-Loginov,V (2540) Budapest 1994}) 13... e4 14. Nd2 {[%cal Bf3d2,Bd2b1,Bb1c3,Bc3d5,Bd5f4][%mdl 32]} Bf5 15. Nb1 Qd7 16. Bf1 h5 17. Be1 Na5 18. Nc3 Nb3 19. Rab1 Nh7 20. Qe2 g6 21. Nd5 Qd8 22. Nf4 h4 23. d5 Nc5 24. Bc3 Qg5 25. Kh2 Nf6 {[%cal Bh7f6,Bf6d7,Bd7e5,Be5f3][%mdl 32]} 26. Qd2 Nfd7 27. g4 (27. Ne2 $15) 27... hxg3+ $1 $17 28. fxg3 Ne5 29. Bg2 $2 {[%mdl 8192] [#]} (29. Bxe5 $17 {war die entscheidende Verteidigung.} dxe5 30. h4) 29... Nf3+ $19 30. Bxf3 exf3 {Precision: Weiß = 17%, Schwarz = 52%.} 0-1

[Event "29th Czech Open-Rapid 2018"]
[Site "Pardubice"]
[Date "2018.07.19"]
[Round "5"]
[White "Cerveny, Martin"]
[Black "Bryzgalin, Kirill"]
[Result "1/2-1/2"]
[WhiteElo "2388"]
[BlackElo "2492"]
[Annotator "TA"]
[PlyCount "97"]
[EventDate "2018.07.18"]
[EventType "swiss"]
[EventCountry "CZE"]
[SourceTitle "playchess.com"]
[Source "ChessBase"]
[SourceQuality "1"]

{[%evp 17,97,15,44,24,42,41,39,29,31,29,45,43,42,43,44,37,65,10,2,-13,0,0,7,0,0,0,11,-37,-4,-27,-25,-20,0,-41,-11,-8,0,0,0,0,0,0,0,0,0,0,0,0,0,-10,11,8,5,4,9,9,9,9,9,9,12,12,22,13,21,0,0,0,0,0,0,0,0,0,0,0,0,0,0,0,0,0]} 1. d4 Nf6 2. Nf3 d6 3. g3 g6 4. Bg2 Bg7 5. O-O O-O 6. c4 c5 7. Nc3 Na6 8. h3 Bd7 9. b3 Rb8 {LiveBook: 4 Partien. E65: Königsindisch (Jugoslawische Variante)} (9... Qc8 10. Kh2 Bc6 11. Bb2 cxd4 12. Nxd4 Bxg2 13. Kxg2 Nc5 14. Qc2 b6 15. e4 Qb7 16. f3 Rac8 17. Rad1 {1-0 (30) Edouard,R (2613)-Lopez Rivera,J (2351) Roquetas de Mar 2017}) 10. Bb2 Re8 $146 ({Vorgänger:} 10... cxd4 11. Nxd4 Nc5 12. Kh2 a6 13. Qd2 Ne6 14. Nxe6 Bxe6 15. e4 Qa5 16. Rad1 Rfc8 17. f4 {0-1 (71) Skomorokhin,R (2465)-Arbakov,V (2500) Schwaebisch Gmuend 1995}) 11. e4 cxd4 {Weiß steht etwas besser.} 12. Nxd4 Nc5 13. Re1 Qc8 14. Kh2 a6 15. Rc1 e5 16. Nc2 Rd8 17. Nd5 (17. Nb4 $14) 17... Nxd5 $11 18. cxd5 {[#] Und weiter mit Se3 wäre nett.} b5 19. Qd2 Qb7 20. Ne3 Rbc8 21. Bc3 Re8 22. Ba1 Bh6 (22... a5 $5) 23. b4 (23. Bc3 {seems wilder.} Rf8 24. Bb4 Qb6 25. Ba5 Qa7 26. Bc3) 23... Na4 24. Rxc8 Rxc8 (24... Qxc8 {feels hotter.} 25. Rf1 Bg7 26. h4 Qb8 27. f3 Qb6) 25. Qd3 Nb6 26. Rf1 {Die Stellung ist ausgeglichen.} Nc4 27. f4 Nxe3 28. Qxe3 {zielt auf Df2 ab.} Rc2 29. Rf2 Rxf2 30. Qxf2 f6 31. fxe5 fxe5 32. Qf6 Qc7 33. Bb2 Bg7 34. Qg5 Kf7 35. Bc1 Bf6 36. Qh6 Bg7 37. Qe3 Bf6 38. Bd2 Bc8 39. Qf2 Ke7 40. h4 Bg4 41. Bg5 Bxg5 42. hxg5 Ke8 43. Bh3 Bxh3 44. Kxh3 {KD-KD} Qc8+ 45. Kh2 Qc4 46. Qf6 {[#] Droht stark Dh8+.} Qe2+ 47. Kh3 Qh5+ 48. Kg2 Qe2+ 49. Kh3 {Precision: Weiß = 57%, Schwarz = 45%.} 1/2-1/2

[Event "29th Czech Open-Rapid 2018"]
[Site "Pardubice"]
[Date "2018.07.19"]
[Round "5"]
[White "Burdalev, Kirill"]
[Black "Harsha, Bharathakoti"]
[Result "0-1"]
[WhiteElo "2383"]
[BlackElo "2163"]
[Annotator "NA"]
[PlyCount "121"]
[EventDate "2018.07.18"]
[EventType "swiss"]
[EventCountry "CZE"]
[SourceTitle "playchess.com"]
[Source "ChessBase"]
[SourceQuality "1"]
[TimeControl "900+10"]

1. d4 {[%emt 0:00:00]} e6 {[%emt 0:00:21]} 2. Nf3 {[%emt 0:00:00]} d5 {[%emt 0:00:02]} 3. Bf4 {[%emt 0:00:05]} c5 {[%emt 0:00:09]} 4. e3 {[%emt 0:00:04]} Nc6 {[%emt 0:00:04]} 5. c3 {[%emt 0:00:12]} Bd6 {[%emt 0:00:12]} 6. Bg3 {[%emt 0:00:08]} Nf6 {[%emt 0:00:17]} 7. Nbd2 {[%emt 0:00:03]} O-O {[%emt 0:00:02]} 8. Bb5 {[%emt 0:00:09]} Be7 {[%emt 0:00:09]} 9. Ne5 {[%emt 0:00:29]} Qb6 {[%emt 0:00:46]} 10. Qa4 {[%emt 0:00:20]} Nxe5 {[%emt 0:00:35]} 11. dxe5 {[%emt 0:00:51]} Nh5 {[%emt 0:00:01]} 12. b3 {[%emt 0:01:46]} Qc7 {[%emt 0:00:41]} 13. Bd3 {[%emt 0:01:43]} g6 {[%emt 0:00:02]} 14. Nf3 {[%emt 0:00:22]} c4 {[%emt 0:01:37]} 15. bxc4 {[%emt 0:00:11]} Bd7 {[%emt 0:00:02]} 16. Qb3 {[%emt 0:00:27]} dxc4 {[%emt 0:00:01]} 17. Qxc4 {[%emt 0:00:49]} Qxc4 {[%emt 0:03:59]} 18. Bxc4 {[%emt 0:00:02]} Rfc8 {[%emt 0:00:00]} 19. Be2 {[%emt 0:02:17]} Nxg3 {[%emt 0:00:08]} 20. hxg3 {[%emt 0:00:01]} Rxc3 {[%emt 0:00:01]} 21. Nd4 {[%emt 0:00:01]} Rac8 {[%emt 0:00:39]} 22. O-O {[%emt 0:00:10]} R8c5 {[%emt 0:00:11]} 23. Nf3 {[%emt 0:02:18]} Bc6 {[%emt 0:01:23]} 24. Rfd1 {[%emt 0:00:15]} h5 {[%emt 0:00:27]} 25. Rab1 {[%emt 0:01:14]} b6 {[%emt 0:00:01]} 26. Rb3 {[%emt 0:01:02]} Rc2 {[%emt 0:01:19]} 27. Nd4 {[%emt 0:00:16]} Rxa2 {[%emt 0:00:02]} 28. Nxc6 {[%emt 0:00:21]} Rxc6 {[%emt 0:00:02]} 29. Bf3 {[%emt 0:00:15]} Rc7 {[%emt 0:00:02]} 30. Rbd3 {[%emt 0:00:16]} b5 {[%emt 0:00:16]} 31. Rd7 {[%emt 0:00:05]} Rac2 {[%emt 0:00:02]} 32. Be4 {[%emt 0:00:27]} R2c4 {[%emt 0:00:40]} 33. Rxc7 {[%emt 0:00:32]} Rxc7 {[%emt 0:00:01]} 34. Ra1 {[%emt 0:00:20]} b4 {[%emt 0:00:08]} 35. Kf1 {[%emt 0:00:06]} b3 {[%emt 0:01:28]} 36. Ke2 {[%emt 0:00:11]} Bb4 {[%emt 0:00:37]} 37. Ra6 {[%emt 0:01:13]} b2 {[%emt 0:00:26]} 38. Ra2 {[%emt 0:00:03]} Bc3 {[%emt 0:00:01]} 39. f4 {[%emt 0:00:37]} Rd7 {[%emt 0:01:13]} 40. Ra3 {[%emt 0:00:25]} Bb4 {[%emt 0:00:39]} 41. Ra2 {[%emt 0:01:33]} Rd2+ {[%emt 0:00:03]} 42. Kf3 {[%emt 0:00:02]} a5 {[%emt 0:00:09]} 43. g4 {[%emt 0:00:13]} hxg4+ {[%emt 0:00:07]} 44. Kxg4 {[%emt 0:00:02]} Rxg2+ {[%emt 0:00:02]} 45. Kf3 {[%emt 0:00:07]} Rd2 {[%emt 0:00:05]} 46. Bb1 {[%emt 0:00:11]} Kf8 {[%emt 0:01:32]} 47. Be4 {[%emt 0:00:05]} Ke7 {[%emt 0:00:02]} 48. Kg3 {[%emt 0:00:14]} Kd7 {[%emt 0:00:05]} 49. Kg4 {[%emt 0:00:25]} Kc7 {[%emt 0:01:01]} 50. Kg5 {[%emt 0:00:10]} Re2 {[%emt 0:00:29]} 51. Kf6 {[%emt 0:00:10]} Rxe3 {[%emt 0:00:02]} 52. Bc2 {[%emt 0:00:07]} Bc3 {[%emt 0:00:49]} 53. Kxf7 {[%emt 0:00:03]} Re1 {[%emt 0:00:22]} 54. Ra3 {[%emt 0:00:03]} Bd4 {[%emt 0:00:12]} 55. Rxa5 {[%emt 0:00:12]} b1=Q {[%emt 0:00:11]} 56. Bxb1 {[%emt 0:00:03]} Rxb1 {[%emt 0:00:01]} 57. Kxe6 {[%emt 0:00:17]} Rf1 {[%emt 0:00:16]} 58. Rd5 {[%emt 0:00:23]} Rxf4 {[%emt 0:00:05]} 59. Rd7+ {[%emt 0:00:04]} Kc6 {[%emt 0:00:04]} 60. Rg7 {[%emt 0:00:06]} Rg4 {[%emt 0:00:26]} 61. Kf6 0-1

[Event "29th Czech Open-Rapid 2018"]
[Site "Pardubice"]
[Date "2018.07.19"]
[Round "5"]
[White "Domogaev, Sergey"]
[Black "Belyakov, Bogdan"]
[Result "0-1"]
[WhiteElo "2337"]
[BlackElo "2485"]
[Annotator "TA"]
[PlyCount "208"]
[EventDate "2018.07.18"]
[EventType "swiss"]
[EventCountry "CZE"]
[SourceTitle "playchess.com"]
[Source "ChessBase"]
[SourceQuality "1"]

{[%evp 23,208,10,13,5,0,-2,1,0,16,12,29,9,9,9,9,13,10,0,58,12,10,0,80,56,308,155,168,-132,116,118,525,220,229,137,133,124,130,128,125,135,113,0,0,-4,-4,-8,-12,-12,-12,-14,-14,-15,-15,-18,-8,-8,-8,-8,0,-10,0,-4,39,31,36,20,23,0,95,0,0,0,0,-8,0,0,0,0,-8,0,0,-355,-336,-360,-360,-359,-359,-343,-343,-2022,-356,-1637,-1616,-1564,-1475,-1566,-373,-1425,-800,-556,-387,-373,-358,-380,-373,-507,-373,-373,-372,-373,-373,-373,-366,-366,-366,-358,-358,-347,-323,-285,0,-338,0,-358,-333,-358,-358,-4160,-4160,-4175,-4175,-4175,-4167,-4167,-4160,-4167,-4167,-4167,-4167,-4167,-4167,-4167,-4160,-4160,-4160,-4160,-4160,-4160,-4160,-4160,-4160,-4160,-4160,-4160,-4160,-4160,-4160,-4160,-4160,-4160,-4160,-4160,-4160,-4160,-4160,-4160,-4153,-4153,-4149,-4153,-4153,-4153,-4153,-4153,-4153,-29982,-29983,-29983,-29984,-29984,-29982,-29986,-29987,-29988,-29987,-29989,-154]} 1. d4 Nf6 2. c4 g6 3. Nc3 Bg7 4. e4 d6 5. Be2 O-O 6. Be3 c5 7. dxc5 Qa5 8. Bd2 Qxc5 9. Nf3 Bg4 10. O-O Nc6 11. Be3 Qa5 12. a3 Rfc8 {LiveBook: 15 Games. E74: King's Indian: Averbakh Variation: 6...c5} 13. Nd2 (13. b4 Qd8 14. Qb3 Nd7 15. Rfd1 Nce5 16. Nxe5 Bxe2 17. Nxe2 Bxe5 18. Rac1 Qc7 19. Nf4 Bxf4 20. Bxf4 {1-0 (44) Can,E (2590)-Amin,B (2700) Dubai 2018}) 13... Bxe2 14. Qxe2 Nd7 {The position is equal.} 15. Rac1 a6 16. f4 $146 ({Predecessor:} 16. Rfd1 Qe5 17. Nb3 Qe6 18. f3 b5 19. Nd5 bxc4 20. Nd4 Nxd4 21. Bxd4 Bxd4+ 22. Rxd4 {1-0 (54) Ubilava,E (2495)-Hazai,L (2465) Camaguey 1987}) 16... b5 17. Nd5 {Threatens to win with cxb5.} e6 (17... Bxb2 $6 18. cxb5 $1 {[%mdl 512]} Nd4 19. Rxc8+ (19. Nxe7+ Kf8 $11) 19... Rxc8 20. Qg4 $16 (20. Nxe7+ Kf8 $11)) 18. cxb5 Nd4 $1 {[%cal Rd4e2]} 19. Qf2 Rxc1 20. Rxc1 {And now Ne7+ would win.} Nxb5 (20... exd5 $11 21. Bxd4 Nf6) 21. Nc4 Qd8 22. Nb4 $36 {[%mdl 2048] Hoping for a4. White is more active.} Nc5 (22... Nf6 $11 {remains equal.}) 23. e5 $1 $16 (23. Bxc5 dxc5 24. Nc6 Qd3 $11) 23... Ne4 $2 {[%mdl 8192]} (23... Nb3 $14 24. Rd1 a5) 24. Qe2 (24. Qc2 $18) 24... Rc8 25. Rd1 $2 (25. Nxa6 d5 $15) ({White should try} 25. a4 $18) 25... d5 $2 (25... Nbc3 $17 {and life is bright.} 26. bxc3 Nxc3) 26. Nb6 (26. Nxa6 $2 Nbc3 $19) 26... Nxa3 $2 {[%mdl 8192]} (26... Rc5 $16) 27. bxa3 (27. Nxc8 $142 Qxc8 28. bxa3) 27... Nc3 $18 28. Qxa6 (28. Qd3 $18 Nxd1 29. Nxc8 (29. Qxd1 Rc3 $14) 29... Nxe3 30. Nc6) 28... Nxd1 $16 29. Qxc8 Qxc8 30. Nxc8 Nxe3 $18 {[%mdl 4096] Endgame KBN-KNN} 31. a4 $1 {[%cal Ra4a5]} Bf8 32. Nd3 (32. Nc6 $1 $16) 32... Nc4 $11 33. Kf2 Ba3 34. Ke2 Kf8 35. Na7 $1 Ke8 36. Nb5 Be7 37. Ke1 Kd7 38. g4 h6 39. Ke2 Bd8 40. h3 Bb6 41. Kf3 Bd8 42. Kg3 f6 43. Nc5+ Ke7 44. exf6+ Kxf6 45. h4 e5 {[#]} (45... Kf7 $11 {keeps the balance.}) 46. g5+ ({White should play} 46. Nd7+ $1 $16 Ke6 47. Nxe5 Nxe5 48. Nd4+ Kd7 49. fxe5) 46... hxg5 47. hxg5+ Kf5 48. fxe5 {Black must now prevent Nd6+.} Kxe5 49. Kg4 d4 50. Nd3+ Ke4 51. Nc5+ Kd5 52. Nxd4 $2 {[%mdl 8192]} (52. Nd3 $11) 52... Bb6 $19 ({Worse is} 52... Kxc5 53. Ne6+ Kb4 54. Nxd8 $11) 53. Ne2 Ne5+ ({Stronger than} 53... Bxc5 54. Nf4+ Ke4 55. Nxg6 $11) 54. Kf4 Bxc5 55. Nc3+ {[#]} Ke6 $1 56. Ne4 $2 (56. Ne2) 56... Ba3 $2 (56... Nd3+ 57. Kg4 Bb4) 57. a5 $2 (57. Ke3) 57... Bc1+ 58. Kg3 Kf5 {( -> ...Bf4+)} 59. a6 Nc6 $2 (59... Bf4+ 60. Kh4 Nc6) 60. Nc3 $2 (60. Nd6+ Kxg5 61. Ne4+ Kf5 62. Nd6+ Ke5 63. Nb5) 60... Bxg5 61. Nd5 Bd8 62. Kf3 Ke5 63. Ne3 Be7 64. Kg4 Ke4 65. Nc4 Na7 66. Nd2+ Kd5 67. Nf3 Nc6 68. Kf4 Bf6 69. Kg4 Ke6 70. Kf4 Kf7 71. Ke4 Ke6 72. Kf4 $1 Kd5 73. Kg4 $1 Kd6 74. Kf4 Kc7 75. Ke4 $2 (75. Nd2) 75... Ne7 76. Ne1 Kb6 77. Nd3 Kxa6 78. Nf4 Ba1 79. Kf3 Bb2 80. Kg4 Bc1 81. Nd3 Bd2 82. Kf3 Kb5 83. Ke4 Bc3 84. Nf4 Kc6 85. Nd3 Kd6 86. Nf4 Bd2 87. Ne2 Ke6 88. Nd4+ Kf6 89. Nb5 Bb4 90. Nd4 Bd6 91. Nf3 Bb8 92. Nd2 g5 93. Nc4 Bf4 94. Nb2 Nf5 95. Nd3 Nd6+ 96. Kf3 Kf5 97. Nf2 Nc4 98. Ke2 Ne5 99. Kf1 Be3 {Black mates.} 100. Nh1 Kf4 101. Kg2 Ng6 102. Ng3 Nh4+ 103. Kh2 Bg1+ 104. Kh3 g4+ {Precision: White = 36%, Black = 50%.} 0-1

[Event "29th Czech Open-Rapid 2018"]
[Site "Pardubice"]
[Date "2018.07.19"]
[Round "5"]
[White "Nun, Jiri"]
[Black "Claridge Hansen, William"]
[Result "0-1"]
[WhiteElo "2337"]
[BlackElo "2146"]
[Annotator "NA"]
[PlyCount "62"]
[EventDate "2018.07.18"]
[EventType "swiss"]
[EventCountry "CZE"]
[SourceTitle "playchess.com"]
[Source "ChessBase"]
[SourceQuality "1"]
[TimeControl "900+10"]

1. e4 c5 {[%emt 0:00:00]} 2. Nf3 {[%emt 0:00:00]} g6 {[%emt 0:00:00]} 3. c3 {[%emt 0:00:12]} d5 {[%emt 0:00:00]} 4. e5 {[%emt 0:00:39]} Nc6 {[%emt 0:00:09]} 5. d4 {[%emt 0:00:07]} Bg4 {[%emt 0:00:43]} 6. Bb5 {[%emt 0:01:19]} Rc8 {[%emt 0:01:49]} 7. h3 {[%emt 0:01:48]} Bxf3 {[%emt 0:00:36]} 8. Qxf3 {[%emt 0:00:02]} e6 {[%emt 0:02:29]} 9. O-O {[%emt 0:01:03]} Qb6 {[%emt 0:00:38]} 10. Bxc6+ {[%emt 0:00:11]} Rxc6 {[%emt 0:00:26]} 11. dxc5 {[%emt 0:00:09]} Bxc5 {[%emt 0:00:39]} 12. Nd2 {[%emt 0:00:09]} Ne7 13. b4 Qc7 {[%emt 0:03:05]} 14. bxc5 {[%emt 0:00:34]} Rxc5 {[%emt 0:00:01]} 15. Qf6 {[%emt 0:00:43]} Rg8 {[%emt 0:00:07]} 16. Bb2 {[%emt 0:00:55]} Nc6 {[%emt 0:00:26]} 17. Nf3 {[%emt 0:00:13]} g5 {[%emt 0:00:50]} 18. Rfe1 {[%emt 0:00:58]} Rg6 {[%emt 0:00:45]} 19. Qh8+ {[%emt 0:00:13]} Kd7 {[%emt 0:00:07]} 20. Qxh7 {[%emt 0:00:02]} Nd8 {[%emt 0:00:32]} 21. Nd4 {[%emt 0:00:24]} g4 {[%emt 0:00:36]} 22. Ba3 {[%emt 0:01:32]} Rc4 {[%emt 0:01:35]} 23. Bd6 {[%emt 0:00:11]} Qa5 {[%emt 0:00:24]} 24. Bb4 {[%emt 0:01:17]} Qa4 {[%emt 0:00:56]} 25. Nb3 {[%emt 0:00:36]} b6 {[%emt 0:00:14]} 26. h4 {[%emt 0:00:04]} a5 {[%emt 0:00:26]} 27. Bd6 {[%emt 0:00:10]} g3 {[%emt 0:00:16]} 28. f4 {[%emt 0:02:47]} Rxf4 {[%emt 0:00:17]} 29. Rf1 {[%emt 0:00:02]} Rgg4 {[%emt 0:00:58]} 30. Rxf4 {[%emt 0:00:11]} Qxf4 {[%emt 0:00:25]} 31. Qc2 {[%emt 0:00:49]} Qe3+ {[%emt 0:00:05]} 0-1